लेखन कौशल्य : निबंध आणि ग्रंथ परीक्षण ( Marathi Ref. ) (Record no. 370768)
[ view plain ]
| 000 -LEADER | |
|---|---|
| fixed length control field | 00559nam a22001577a 4500 |
| 005 - DATE AND TIME OF LATEST TRANSACTION | |
| control field | 20260325101652.0 |
| 008 - FIXED-LENGTH DATA ELEMENTS--GENERAL INFORMATION | |
| fixed length control field | 260325b |||||||| |||| 00| 0 eng d |
| 020 ## - INTERNATIONAL STANDARD BOOK NUMBER | |
| International Standard Book Number | 978-93-5442-677-3 |
| 041 ## - LANGUAGE CODE | |
| Language code of text/sound track or separate title | Mar |
| 100 ## - MAIN ENTRY--PERSONAL NAME | |
| Author | चांदवडकर, तुषार |
| 245 ## - TITLE STATEMENT | |
| Title | लेखन कौशल्य : निबंध आणि ग्रंथ परीक्षण ( Marathi Ref. ) |
| 250 ## - EDITION STATEMENT | |
| Edition statement | 1st ed. |
| 260 ## - PUBLICATION, DISTRIBUTION, ETC. | |
| Place of publication, distribution, etc. | Pune |
| Name of publisher, distributor, etc. | Atharv |
| 300 ## - PHYSICAL DESCRIPTION | |
| Extent | 89 |
| 942 ## - ADDED ENTRY ELEMENTS (KOHA) | |
| Koha item type | Reference book |
| Withdrawn status | Lost status | Source of classification or shelving scheme | Damaged status | Not for loan | Home library | Current library | Date acquired | Vendor | Cost, normal purchase price | Bill number | Total Checkouts | Barcode | Date last seen | Bill Date | Koha item type | Original Barcode |
|---|---|---|---|---|---|---|---|---|---|---|---|---|---|---|---|---|
| Dewey Decimal Classification | Shri Siddhivinayak Mahila Mahavidyalaya | Shri Siddhivinayak Mahila Mahavidyalaya | 25/03/2026 | Atharva | 150.00 | 1138 | SSMM-BK-33253 | 25/03/2026 | 16/10/2024 | Reference book | 010033253 | |||||
| Dewey Decimal Classification | Shri Siddhivinayak Mahila Mahavidyalaya | Shri Siddhivinayak Mahila Mahavidyalaya | 25/03/2026 | Atharva | 150.00 | 1138 | SSMM-BK-33254 | 25/03/2026 | 16/10/2024 | Reference book | 010033254 |